[Event "FRA-chT4 0809"]
[Site "France "]
[Date "2009.02.09"]
[Round "5"]
[White "Tanguy, Fabien"]
[Black "Pantioukhine, Slava"]
[Result "1/2-1/2"]
[WhiteElo "1995"]
[BlackElo "1952"]
[PlyCount "97"]
[EventDate "2008.10.??"]
[EventType "team-tourn"]
[EventRounds "9"]
[EventCountry "FRA"]
[SourceTitle "EXT 2010"]
[Source "ChessBase"]
[SourceDate "2010.11.25"]
[SourceVersion "1"]
[SourceVersionDate "2010.11.25"]
[SourceQuality "1"]

1. c4 Nf6 2. Nc3 e6 3. g3 d5 4. cxd5 exd5 5. d4 c6 6. Bg2 Bf5 7. Nf3 h6 8. 0-0 Bd6 9. Ne5 Nbd7 10. Bf4 Qb8 11. Re1 0-0 12. e4 dxe4 13. Nxe4 Bxe4 14. Bxe4 Re8 15. Nxd7 Nxd7 16. Bh7+ Kxh7 17. Rxe8 Qxe8 18. Qd3+ g6 19. Bxd6 Qe6 20. Bb4 a5 21. Bd2 Qd5 22. Qe3 g5 23. Re1 b5 24. h4 Kg6 25. Qd3+ f5 26. g4 gxh4 27. gxf5+ Qxf5 28. Re6+ Nf6 29. Qxf5+ Kxf5 30. Rxc6 Ne4 31. Be3 h5 32. Rh6 Kg4 33. Rg6+ Kf3 34. Rg7 Ra6 35. Kf1 h3 36. Rf7+ Rf6 37. Rxf6+ Nxf6 38. Kg1 Ng4 39. d5 Ke4 40. d6 Ne5 41. Kh2 Kd5 42. Kxh3 Kxd6 43. Kh4 Kd5 44. Kxh5 Ke4 45. Kg5 a4 46. b3 axb3 47. axb3 Kf3 48. Kf5 Nc4 49. bxc4 1/2-1/2

[Event "FRA-ch U20"]
[Site "Le Grand Bornand"]
[Date "2007.04.12"]
[Round "5"]
[White "Pantioukhine, Slava"]
[Black "Rives, Sylvain"]
[Result "1-0"]
[WhiteElo "1967"]
[BlackElo "1600"]
[PlyCount "87"]
[EventDate "2007.04.07"]
[EventType "swiss"]
[EventRounds "9"]
[EventCountry "FRA"]
[SourceTitle "CBM 118 Extra"]
[Source "ChessBase"]
[SourceDate "2007.07.04"]
[SourceVersion "1"]
[SourceVersionDate "2007.07.04"]
[SourceQuality "1"]

1. d4 d5 2. e4 e6 3. c4 c6 4. Nc3 Bb4 5. Bd2 dxc4 6. Nf3 Nf6 7. e5 Nd5 8. Bxc4 Nb6 9. Bb3 0-0 10. 0-0 Bxc3 11. bxc3 N8d7 12. Bg5 Qc7 13. Qd3 c5 14. Bc2 g6 15. Qe4 cxd4 16. cxd4 f5 17. exf6 Nxf6 18. Qh4 Qe7 19. Ne5 Bd7 20. Bxg6 hxg6 21. Nxg6 Qh7 22. Nxf8 Qxh4 23. Bxh4 Rxf8 24. Rfe1 Nbd5 25. a4 Kf7 26. Ra3 Bc6 27. Bg3 Rg8 28. a5 a6 29. f3 Rd8 30. Be5 Ne8 31. Kf2 Nec7 32. h4 Nb5 33. Rb3 Ne7 34. g4 Ng6 35. Rbe3 Rd5 36. h5 Nxe5 37. Rxe5 Nxd4 38. f4 Nf3 39. Rxd5 Bxd5 40. Rc1 Kg7 41. Rc7+ Kh6 42. Rd7 Nd4 43. Kg3 Nf3 44. Rxd5 1-0

[Event "FRA-ch U20"]
[Site "Le Grand Bornand"]
[Date "2007.04.09"]
[Round "1"]
[White "Platel, Alexandre"]
[Black "Pantioukhine, Slava"]
[Result "1-0"]
[WhiteElo "2197"]
[BlackElo "1967"]
[PlyCount "75"]
[EventDate "2007.04.07"]
[EventType "swiss"]
[EventRounds "9"]
[EventCountry "FRA"]
[SourceTitle "CBM 118 Extra"]
[Source "ChessBase"]
[SourceDate "2007.07.04"]
[SourceVersion "1"]
[SourceVersionDate "2007.07.04"]
[SourceQuality "1"]

1. e4 d5 2. exd5 Qxd5 3. Nc3 Qd6 4. d4 Nf6 5. g3 c6 6. Bg2 Bg4 7. Nf3 e6 8. 0-0 Be7 9. Bf4 Qd8 10. h3 Bh5 11. g4 Bg6 12. Ne5 Nbd7 13. Nxg6 hxg6 14. Bg3 Nb6 15. a4 Nbd5 16. Qd3 Qd7 17. Ne2 0-0-0 18. c3 g5 19. Qd2 Ne8 20. c4 Nb4 21. c5 a5 22. Rac1 f5 23. f4 fxg4 24. hxg4 gxf4 25. Qxf4 Nc7 26. Qxc7+ Qxc7 27. Bxc7 Kxc7 28. Rf7 Rd7 29. Rxg7 Nd3 30. Rf1 Nxc5 31. Rxe7 Rxe7 32. dxc5 e5 33. Be4 Rh3 34. Rf2 Rd7 35. Kg2 Re3 36. Nc3 b5 37. axb5 Rxc3 38. b6+ 1-0

[Event "Mont de Marsan op 6th"]
[Site "Mont de Marsan"]
[Date "2006.12.29"]
[Round "7"]
[White "Cornet, Michel"]
[Black "Pantioukhine, Slava"]
[Result "0-1"]
[WhiteElo "1500"]
[BlackElo "1987"]
[PlyCount "64"]
[EventDate "2006.12.26"]
[EventType "swiss"]
[EventRounds "9"]
[EventCountry "FRA"]
[SourceTitle "CBM 116 Extra"]
[Source "ChessBase"]
[SourceDate "2007.03.07"]
[SourceVersion "1"]
[SourceVersionDate "2007.03.07"]
[SourceQuality "1"]

1. d4 Nf6 2. Nf3 e6 3. Bg5 h6 4. Bh4 d5 5. Nbd2 Be7 6. e3 Nbd7 7. Bd3 c5 8. c3 Rb8 9. Rc1 b5 10. 0-0 Qc7 11. Bg3 Bd6 12. Bxd6 Qxd6 13. Re1 0-0 14. e4 dxe4 15. Nxe4 Nxe4 16. Bxe4 Nf6 17. dxc5 Qxc5 18. Qd4 Qxd4 19. Nxd4 Nxe4 20. Rxe4 Bb7 21. Re2 Bd5 22. a3 a5 23. Nc2 Rfd8 24. Nd4 Bc4 25. Re5 f6 26. Re4 Rd6 27. b3 Bd5 28. Nxb5 Rxb5 29. c4 Rxb3 30. cxd5 exd5 31. g3 Rb7 32. Rc5 Ra7 0-1

[Event "Mont de Marsan op 6th"]
[Site "Mont de Marsan"]
[Date "2006.12.28"]
[Round "6"]
[White "Pantioukhine, Slava"]
[Black "Albareil, Raymond"]
[Result "0-1"]
[WhiteElo "1987"]
[BlackElo "1240"]
[PlyCount "54"]
[EventDate "2006.12.26"]
[EventType "swiss"]
[EventRounds "9"]
[EventCountry "FRA"]
[SourceTitle "CBM 116 Extra"]
[Source "ChessBase"]
[SourceDate "2007.03.07"]
[SourceVersion "1"]
[SourceVersionDate "2007.03.07"]
[SourceQuality "1"]

1. d4 Nf6 2. Bg5 e6 3. e4 Be7 4. e5 Nd5 5. Bd2 Nc6 6. c4 Ndb4 7. a3 Na6 8. Qg4 g6 9. Nf3 d6 10. Qe4 dxe5 11. d5 f5 12. Qc2 exd5 13. cxd5 Qxd5 14. Bc4 Qe4+ 15. Qxe4 fxe4 16. Ng5 Bxg5 17. Bxg5 Nd4 18. Kd2 Nc5 19. Ra2 Rf8 20. Rf1 Be6 21. Bxe6 Ncxe6 22. Bh4 e3+ 23. fxe3 Rxf1 24. exd4 Rxb1 25. dxe5 Rf1 26. b4 Ng5 27. Ke3 h6 0-1

[Event "Mont de Marsan op 6th"]
[Site "Mont de Marsan"]
[Date "2006.12.27"]
[Round "4"]
[White "Pantioukhine, Slava"]
[Black "Belingard, Andre"]
[Result "1-0"]
[WhiteElo "1987"]
[BlackElo "1670"]
[PlyCount "99"]
[EventDate "2006.12.26"]
[EventType "swiss"]
[EventRounds "9"]
[EventCountry "FRA"]
[SourceTitle "CBM 116 Extra"]
[Source "ChessBase"]
[SourceDate "2007.03.07"]
[SourceVersion "1"]
[SourceVersionDate "2007.03.07"]
[SourceQuality "1"]

1. d4 e6 2. c4 Nf6 3. Nf3 b6 4. Bg5 Be7 5. e3 Bb7 6. Bd3 c5 7. 0-0 cxd4 8. exd4 0-0 9. Nc3 d6 10. Bc2 Nbd7 11. Re1 Kh8 12. Qd3 g6 13. Bh6 Rg8 14. Ng5 Qe8 15. Qh3 Bf8 16. d5 e5 17. Ba4 Bxh6 18. Qxh6 a6 19. Re3 Rg7 20. Rf3 Ng4 21. Qh4 Ngf6 22. Rxf6 b5 23. Bxb5 axb5 24. Rxd6 bxc4 25. Qxc4 h6 26. Qb5 Bc8 27. Nge4 Rb8 28. Qe2 Qe7 29. h3 Nf8 30. Rc6 Bb7 31. d6 Qd8 32. Rc7 Ne6 33. Re7 Nd4 34. Qc4 Rc8 35. Qb4 Bxe4 36. d7 Bf5 37. Re8+ Qxe8 38. dxe8Q+ Rxe8 39. Rd1 Rgg8 40. Nd5 Rd8 41. Rxd4 exd4 42. Qxd4+ Rg7 43. Qe5 Be6 44. Nf6 Rc8 45. a4 g5 46. Nh5 Rcg8 47. Nxg7 Rxg7 48. a5 Kh7 49. a6 Rg8 50. a7 1-0

[Event "FRA-chT2C 0506"]
[Site "France"]
[Date "2006.01.15"]
[Round "6.7"]
[White "Pantioukhine, Slava"]
[Black "Dupont, Alexis"]
[Result "0-1"]
[WhiteElo "2026"]
[BlackElo "1860"]
[PlyCount "60"]
[EventDate "2005.10.27"]
[EventType "team-tourn"]
[EventRounds "11"]
[EventCountry "FRA"]
[SourceTitle "EXT 2006"]
[Source "ChessBase"]
[SourceDate "2005.11.24"]
[SourceVersion "1"]
[SourceVersionDate "2005.11.24"]
[SourceQuality "1"]

1. d4 d5 2. c4 c6 3. Nf3 Nf6 4. Nc3 e6 5. Bg5 Nbd7 6. e3 Qa5 7. Bd3 Ne4 8. c5 h6 9. Bf4 g5 10. Bg3 Bg7 11. 0-0 Nxg3 12. hxg3 f5 13. a3 a6 14. b4 Qd8 15. a4 g4 16. Nd2 Qg5 17. Qb3 h5 18. b5 h4 19. f4 gxf3 20. Rxf3 axb5 21. gxh4 Rxh4 22. Raf1 bxa4 23. Nxa4 Bxd4 24. exd4 Qxd2 25. Qb2 Qxb2 26. Nxb2 Rxd4 27. Re3 Kf7 28. Rc1 Ra5 29. Be2 Rxc5 30. Re1 Re4 0-1

[Event "FRA-ch op-B"]
[Site "Chartres"]
[Date "2005.08.26"]
[Round "10"]
[White "Zermiche, Cherif"]
[Black "Pantioukhine, Slava"]
[Result "0-1"]
[WhiteElo "1971"]
[BlackElo "1989"]
[PlyCount "84"]
[EventDate "2005.08.15"]
[EventType "swiss"]
[EventRounds "11"]
[EventCountry "FRA"]
[SourceTitle "EXT 2006"]
[Source "ChessBase"]
[SourceDate "2005.11.24"]
[SourceVersion "1"]
[SourceVersionDate "2005.11.24"]
[SourceQuality "1"]

1. e4 Nf6 2. e5 Nd5 3. d4 d6 4. c4 Nb6 5. exd6 cxd6 6. Nc3 g6 7. Be3 Bg7 8. Rc1 0-0 9. b3 Nc6 10. d5 Ne5 11. Be2 a5 12. f4 Ned7 13. Nf3 Nf6 14. 0-0 e6 15. dxe6 fxe6 16. Qd4 Nfd5 17. Qd2 Bxc3 18. Rxc3 Nxc3 19. Qxc3 Nd7 20. Nd4 Nc5 21. Rd1 Qe7 22. Nb5 Ra6 23. Bf3 e5 24. fxe5 dxe5 25. Bd5+ Be6 26. Qxe5 Nd7 27. Qd4 Bxd5 28. Qxd5+ Rf7 29. Bf2 Nf6 30. Qd4 Ne8 31. Re1 Re6 32. Rd1 Re4 33. Qd5 Re2 34. Bg3 Qe3+ 35. Kh1 Nf6 36. Qd8+ Rf8 37. Qxa5 Ne4 38. Nd6 Nc3 39. Rg1 Re1 40. Bxe1 Qxg1+ 41. Kxg1 Ne2+ 42. Kh1 Rf1# 0-1

[Event "FRA-ch op-B"]
[Site "Chartres"]
[Date "2005.08.24"]
[Round "8"]
[White "Charpentier, Denis"]
[Black "Pantioukhine, Slava"]
[Result "0-1"]
[WhiteElo "1917"]
[BlackElo "1989"]
[PlyCount "96"]
[EventDate "2005.08.15"]
[EventType "swiss"]
[EventRounds "11"]
[EventCountry "FRA"]
[SourceTitle "EXT 2006"]
[Source "ChessBase"]
[SourceDate "2005.11.24"]
[SourceVersion "1"]
[SourceVersionDate "2005.11.24"]
[SourceQuality "1"]

1. e4 Nf6 2. Nc3 d5 3. exd5 Nxd5 4. Bc4 Nb6 5. Bb3 Nc6 6. Nf3 Bf5 7. 0-0 e6 8. h3 Be7 9. d3 0-0 10. Bf4 Rc8 11. Re1 Nb4 12. Qe2 c6 13. Rad1 N4d5 14. Nxd5 Nxd5 15. Be5 Bf6 16. d4 b5 17. c3 a5 18. a3 Nb6 19. Bxf6 Qxf6 20. Ne5 Rfd8 21. Bc2 Nd7 22. a4 Bxc2 23. Qxc2 Nxe5 24. Rxe5 Rd5 25. Rxd5 exd5 26. Qe2 Qe6 27. Qxe6 fxe6 28. Ra1 Rb8 29. b4 axb4 30. cxb4 bxa4 31. Rxa4 Kf7 32. g4 Kf6 33. f4 g5 34. fxg5+ Kxg5 35. Kf2 Kh4 36. Ke3 Kg3 37. g5 Rb7 38. h4 Kxh4 39. Kf4 Rf7+ 40. Ke5 Kxg5 41. Kxe6 Rf6+ 42. Ke5 h5 43. Ra6 h4 44. b5 Rf5+ 45. Ke6 cxb5 46. Ra5 h3 47. Rxb5 h2 48. Rb1 Kg4 0-1

[Event "FRA-ch op-B"]
[Site "Chartres"]
[Date "2005.08.21"]
[Round "6"]
[White "Petitjean, Pierre"]
[Black "Pantioukhine, Slava"]
[Result "1-0"]
[WhiteElo "1985"]
[BlackElo "1989"]
[PlyCount "44"]
[EventDate "2005.08.15"]
[EventType "swiss"]
[EventRounds "11"]
[EventCountry "FRA"]
[SourceTitle "EXT 2006"]
[Source "ChessBase"]
[SourceDate "2005.11.24"]
[SourceVersion "1"]
[SourceVersionDate "2005.11.24"]
[SourceQuality "1"]

1. g3 d5 2. Bg2 Nf6 3. Nf3 c6 4. d3 Bf5 5. 0-0 e6 6. Nbd2 Be7 7. c3 0-0 8. h3 h6 9. Re1 Nbd7 10. e4 Bh7 11. e5 Ne8 12. Nf1 Rc8 13. g4 a5 14. Ng3 b5 15. Be3 Nc7 16. Qd2 Na6 17. Nh5 Nac5 18. Bxh6 Nxd3 19. Bxg7 Nxe1 20. Rxe1 Re8 21. Qh6 f6 22. Bxf6 Nxf6 1-0

[Event "FRA-ch op-B"]
[Site "Chartres"]
[Date "2005.08.16"]
[Round "1"]
[White "Pantioukhine, Slava"]
[Black "Au Quang, Tien"]
[Result "1-0"]
[WhiteElo "1989"]
[BlackElo "1790"]
[PlyCount "111"]
[EventDate "2005.08.15"]
[EventType "swiss"]
[EventRounds "11"]
[EventCountry "FRA"]
[SourceTitle "EXT 2006"]
[Source "ChessBase"]
[SourceDate "2005.11.24"]
[SourceVersion "1"]
[SourceVersionDate "2005.11.24"]
[SourceQuality "1"]

1. d4 d5 2. Bg5 Nf6 3. Bxf6 exf6 4. e3 g6 5. Nd2 Bg7 6. g3 f5 7. Bg2 c6 8. Ne2 Nd7 9. 0-0 Nf6 10. c4 Be6 11. c5 0-0 12. b4 Qe7 13. a4 Ne4 14. Rb1 Bd7 15. Qc2 Rfb8 16. Rb2 a6 17. Rfb1 b5 18. cxb6 Rxb6 19. Nf4 Rab8 20. b5 axb5 21. axb5 Qd6 22. bxc6 Rxb2 23. Rxb2 Rxb2 24. Qxb2 Bxc6 25. Bf1 Bf8 26. Nf3 Qb4 27. Qxb4 Bxb4 28. Ne5 Bb7 29. Bb5 Be1 30. Nfd3 Bd2 31. Bc6 Bxc6 32. Nxc6 Kf8 33. Kf1 g5 34. Ke2 Bc3 35. f3 Nf6 36. Kd1 g4 37. Kc2 gxf3 38. Kxc3 Ne4+ 39. Kb4 f2 40. Nxf2 Nxf2 41. Kc5 Ng4 42. Kxd5 Nxe3+ 43. Ke5 Kg7 44. h3 Kg6 45. d5 Kg5 46. Nd8 Kg6 47. d6 Nc4+ 48. Kd5 Nxd6 49. Kxd6 h5 50. Ke5 f6+ 51. Kf4 h4 52. Ne6 Kh5 53. Ng7+ Kg6 54. Nxf5 hxg3 55. Nxg3 Kg7 56. Kf5 1-0

[Event "Creon op 10th"]
[Site "Creon"]
[Date "2005.08.04"]
[Round "5"]
[White "Rodrigues, Emmanuel"]
[Black "Pantioukhine, Slava"]
[Result "1-0"]
[WhiteElo "2127"]
[BlackElo "1989"]
[PlyCount "95"]
[EventDate "2005.08.01"]
[EventType "swiss"]
[EventRounds "9"]
[EventCountry "FRA"]
[SourceTitle "CBM 107 Extra"]
[Source "ChessBase"]
[SourceDate "2005.09.01"]
[SourceVersion "1"]
[SourceVersionDate "2005.09.01"]
[SourceQuality "1"]

1. a3 f5 2. e4 fxe4 3. Nc3 Nf6 4. g4 d5 5. g5 d4 6. gxf6 dxc3 7. fxg7 cxd2+ 8. Bxd2 Bxg7 9. Qh5+ Kf8 10. 0-0-0 Qe8 11. Qh4 Nc6 12. Ne2 Qf7 13. Nc3 Bf5 14. Kb1 Nd4 15. Bh6 c5 16. Bxg7+ Qxg7 17. Bc4 e3 18. fxe3 Bxc2+ 19. Ka2 Bxd1 20. exd4 cxd4 21. Rf1+ Ke8 22. Bb5+ Kd8 23. Rxd1 a6 24. Rxd4+ Kc8 25. Bd7+ Kb8 26. Be6 Rf8 27. Rd7 Qf6 28. Qc4 Rc8 29. Qd5 Rc7 30. Rd8+ Ka7 31. Rxa8+ Kxa8 32. Qd8+ Ka7 33. Qxc7 Qxe6+ 34. Kb1 Qf5+ 35. Kc1 e5 36. Qc5+ Ka8 37. Qe3 Qf1+ 38. Kc2 Qf5+ 39. Qe4 Qf2+ 40. Qe2 Qd4 41. Qh5 Qf2+ 42. Kb3 Qb6+ 43. Ka2 Qc7 44. Qe8+ Ka7 45. Qe6 Qg7 46. Nd5 h5 47. Qf6 Qg4 48. Qxe5 1-0

[Event "Rochefort op 4th"]
[Site "Rochefort"]
[Date "2005.??.??"]
[Round "2"]
[White "Pantioukhine, Slava"]
[Black "Alard, Pierre"]
[Result "1-0"]
[WhiteElo "2260"]
[BlackElo "1990"]
[PlyCount "65"]
[EventDate "2005.02.16"]
[EventType "swiss"]
[EventRounds "7"]
[EventCountry "FRA"]
[SourceTitle "EXT 2006"]
[Source "ChessBase"]
[SourceDate "2005.11.24"]
[SourceVersion "1"]
[SourceVersionDate "2005.11.24"]
[SourceQuality "1"]

1. d4 g6 2. e4 Bg7 3. f4 d6 4. Nf3 a6 5. Bc4 b5 6. Bb3 Bb7 7. d5 Nf6 8. Qe2 0-0 9. 0-0 c5 10. c3 c4 11. Bc2 Nbd7 12. h3 Qc7 13. Be3 Rfe8 14. Nbd2 e6 15. dxe6 Rxe6 16. Bd4 Rae8 17. Rae1 Nh5 18. Qf2 Nc5 19. Ng5 R6e7 20. Bxc5 Qxc5 21. Qxc5 dxc5 22. g4 Nxf4 23. Rxf4 Bh6 24. Ndf3 f5 25. gxf5 Rf8 26. h4 Bg7 27. Rg4 h6 28. Ne6 gxf5 29. Rxg7+ Rxg7+ 30. Nxg7 Kxg7 31. Nd2 Rd8 32. Re2 Kf6 33. exf5 1-0